[Event "Budapest FS04 GM"]
[Site "Budapest"]
[Date "2018.04.14"]
[Round "7"]
[White "Manush, Shah"]
[Black "Sychevskyy, Andriy"]
[Result "1/2-1/2"]
[WhiteElo "2257"]
[BlackElo "2232"]
[PlyCount "150"]
[EventDate "2018.04.07"]
[EventType "tourn"]
[EventRounds "9"]
[EventCountry "HUN"]
[EventCategory "5"]
[SourceTitle "CBM 184 Extra"]
[Source "ChessBase"]
[SourceDate "2018.06.28"]
[SourceVersion "1"]
[SourceVersionDate "2018.06.28"]
[SourceQuality "1"]

1. d4 Nf6 2. Nf3 g6 3. Nc3 d5 4. Bf4 c6 5. e3 Bg7 6. Be2 Nbd7 7. Ne5 Nxe5 8. Bxe5 b5 9. g4 h6 10. h4 Qa5 11. f3 Rg8 12. Qd2 Be6 13. Nd1 Qb6 14. Nf2 h5 15. g5 Nd7 16. Bxg7 Rxg7 17. a4 bxa4 18. Nd3 c5 19. dxc5 Nxc5 20. Nxc5 Qxc5 21. Rxa4 Kf8 22. Kf2 Kg8 23. Rha1 Kh7 24. Qd4 Qxc2 25. Rxa7 Rc8 26. Rxe7 Rc4 27. Qe5 Rb4 28. Re8 Rxb2 29. Qxb2 Qxb2 30. Raa8 Rg8 31. Rxg8 Qe5 32. f4 Qc3 33. Rh8+ Qxh8 34. Rxh8+ Kxh8 35. Bf3 Kg7 36. Ke1 f6 37. Kd2 fxg5 38. fxg5 Kf7 39. Kd3 Ke7 40. Kd4 Kd6 41. Bg2 Bf7 42. Bf1 Be6 43. Bd3 Bf7 44. Bc2 Be8 45. Bb3 Ke7 46. Ke5 Bd7 47. Bxd5 Be8 48. Be4 Bf7 49. Bc6 Be6 50. Bb5 Bf7 51. e4 Bg8 52. Bc6 Bf7 53. Bd5 Be8 54. Kd4 Bd7 55. Kc5 Be8 56. Kd4 Bd7 57. Ke3 Be8 58. Bc4 Bd7 59. Kd4 Be8 60. e5 Bd7 61. Bb3 Be8 62. Bc2 Ke6 63. Bd3 Ke7 64. Bc4 Bd7 65. Bg8 Bf5 66. Kc5 Bd7 67. Bd5 Bf5 68. Kd4 Bd7 69. Be4 Be8 70. Bc2 Ke6 71. Bb3+ Ke7 72. e6 Kd6 73. Bd5 Bb5 74. Be4 Be8 75. Bd5 Bb5 1/2-1/2

[Event "Budapest FS04 GM"]
[Site "Budapest"]
[Date "2018.04.13"]
[Round "6"]
[White "Sychevskyy, Andriy"]
[Black "Havasi, Gergo"]
[Result "0-1"]
[WhiteElo "2232"]
[BlackElo "2369"]
[PlyCount "80"]
[EventDate "2018.04.07"]
[EventType "tourn"]
[EventRounds "9"]
[EventCountry "HUN"]
[EventCategory "5"]
[SourceTitle "CBM 184 Extra"]
[Source "ChessBase"]
[SourceDate "2018.06.28"]
[SourceVersion "1"]
[SourceVersionDate "2018.06.28"]
[SourceQuality "1"]

1. d4 Nf6 2. c4 g6 3. Nc3 Bg7 4. e4 d6 5. Be2 0-0 6. Bg5 Na6 7. f4 c6 8. Bf3 Nc7 9. Bh4 Rb8 10. Nge2 b5 11. cxb5 cxb5 12. b4 d5 13. e5 Ng4 14. Qd2 f6 15. 0-0 Nh6 16. h3 Nf5 17. Bf2 e6 18. a4 Rf7 19. axb5 Nxb5 20. Nxb5 Rxb5 21. Nc3 Rxb4 22. Nxd5 Rb8 23. Nxf6+ Bxf6 24. exf6 Bb7 25. Bxb7 Rfxb7 26. g4 Nd6 27. Ra6 Qd7 28. Qe1 Kf7 29. Qe5 Nc4 30. Qg5 Nd2 31. Qh6 Kg8 32. f5 Nf3+ 33. Kg2 Qd5 34. Kg3 exf5 35. Qe3 Rb3 36. Qe7 Ne5+ 37. Kh4 Nf3+ 38. Kg3 Ng5+ 39. Kh4 Nf7 40. Be3 f4 0-1

[Event "Budapest FS04 GM"]
[Site "Budapest"]
[Date "2018.04.09"]
[Round "3"]
[White "Sychevskyy, Andriy"]
[Black "Kotronias, Vasilios"]
[Result "1/2-1/2"]
[WhiteElo "2232"]
[BlackElo "2509"]
[PlyCount "115"]
[EventDate "2018.04.07"]
[EventType "tourn"]
[EventRounds "9"]
[EventCountry "HUN"]
[EventCategory "5"]
[SourceTitle "CBM 184 Extra"]
[Source "ChessBase"]
[SourceDate "2018.06.28"]
[SourceVersion "1"]
[SourceVersionDate "2018.06.28"]
[SourceQuality "1"]

1. d4 Nf6 2. c4 g6 3. Nc3 Bg7 4. e4 d6 5. Be2 0-0 6. Bg5 c5 7. d5 h6 8. Be3 e6 9. Qd2 exd5 10. cxd5 Re8 11. f3 h5 12. a4 Nh7 13. Bd3 Nd7 14. f4 Qh4+ 15. Bf2 Qg4 16. Kf1 Bxc3 17. bxc3 Ndf6 18. h3 Qd7 19. e5 c4 20. Bxc4 Ne4 21. Qe3 Nxf2 22. Kxf2 Qc7 23. Bb5 Bd7 24. Nf3 Bxb5 25. axb5 Qc4 26. Qd4 Qxd4+ 27. cxd4 Red8 28. Rhd1 Rd7 29. g4 hxg4 30. hxg4 a5 31. bxa6 Rxa6 32. Rxa6 bxa6 33. Ra1 dxe5 34. fxe5 Rxd5 35. Rxa6 Nf8 36. Ke3 Ne6 37. Ra4 Rb5 38. Nd2 Ng5 39. Kd3 Kg7 40. Ra7 Kf8 41. Ne4 Nxe4 42. Kxe4 Rb1 43. Kf4 Rd1 44. Rd7 Ke8 45. Rd6 Ke7 46. Kg5 Rd2 47. Kh6 Kf8 48. Kg5 Ke7 49. Kf4 Rd1 50. Ke3 Rg1 51. Kf4 Rd1 52. Kg5 Rd2 53. Kh6 Kf8 54. d5 Rd4 55. Kg5 Ke7 56. Kh6 Rxg4 57. Rf6 Re4 58. Kg7 1/2-1/2

[Event "Budapest FS04 GM"]
[Site "Budapest"]
[Date "2018.04.08"]
[Round "2"]
[White "Ilincic, Zlatko"]
[Black "Sychevskyy, Andriy"]
[Result "1/2-1/2"]
[WhiteElo "2461"]
[BlackElo "2232"]
[PlyCount "60"]
[EventDate "2018.04.07"]
[EventType "tourn"]
[EventRounds "9"]
[EventCountry "HUN"]
[EventCategory "5"]
[SourceTitle "CBM 184 Extra"]
[Source "ChessBase"]
[SourceDate "2018.06.28"]
[SourceVersion "1"]
[SourceVersionDate "2018.06.28"]
[SourceQuality "1"]

1. d4 Nf6 2. c4 e6 3. g3 d5 4. Nf3 dxc4 5. Bg2 a6 6. 0-0 Nc6 7. e3 Bd7 8. Qe2 b5 9. Rd1 Bd6 10. e4 e5 11. dxe5 Bxe5 12. h3 0-0 13. Nxe5 Nxe5 14. f4 Nd3 15. e5 Re8 16. Qf3 c6 17. exf6 Qxf6 18. Nc3 Qd4+ 19. Kh2 Re7 20. f5 Rae8 21. Qg4 Qc5 22. Bg5 Nf2 23. Qd4 Qxd4 24. Rxd4 f6 25. Rf1 Nd3 26. Bc1 b4 27. Ne4 c5 28. Rxc4 Bb5 29. Rc2 Rxe4 30. Bxe4 Rxe4 1/2-1/2

[Event "UKR-ch sf"]
[Site "Omelnyk"]
[Date "2017.10.03"]
[Round "1"]
[White "Bogdanovich, Stanislav"]
[Black "Sychevskyy, Andriy"]
[Result "1-0"]
[WhiteElo "2593"]
[BlackElo "2207"]
[PlyCount "83"]
[EventDate "2017.10.03"]
[EventType "swiss"]
[EventRounds "9"]
[EventCountry "UKR"]
[SourceTitle "CBM 181 Extra"]
[Source "ChessBase"]
[SourceDate "2017.12.12"]
[SourceVersion "1"]
[SourceVersionDate "2017.12.12"]
[SourceQuality "1"]

1. Nf3 Nf6 2. g3 d5 3. Bg2 c6 4. b3 Bg4 5. Bb2 Nbd7 6. d3 e6 7. h3 Bh5 8. 0-0 Be7 9. c4 0-0 10. Nbd2 a5 11. a3 Qb6 12. Ra2 a4 13. b4 c5 14. bxc5 Nxc5 15. cxd5 exd5 16. Qb1 Nb3 17. Bd4 Qb5 18. g4 Bg6 19. Ba1 Bc5 20. Nxb3 axb3 21. Nd2 Rxa3 22. Rxa3 Bxa3 23. Qxb3 Qc5 24. Bxf6 gxf6 25. Qxd5 b5 26. Qxc5 Bxc5 27. Rb1 b4 28. Nb3 Bb6 29. e4 Rd8 30. Bf1 h5 31. Rc1 hxg4 32. hxg4 Ra8 33. Rc6 Ra3 34. Rxb6 Rxb3 35. f4 Rb1 36. f5 Bh7 37. Kf2 b3 38. Be2 Kg7 39. Ke3 b2 40. Rb8 Kh6 41. Kf4 Bg8 42. d4 1-0

[Event "Lvov Vasylyshyn Memorial 13th"]
[Site "Lvov"]
[Date "2016.12.06"]
[Round "4"]
[White "Anwesh, Upadhyaya"]
[Black "Sychevskyy, Andriy"]
[Result "1-0"]
[WhiteElo "2386"]
[BlackElo "2315"]
[PlyCount "55"]
[EventDate "2016.12.03"]
[EventType "tourn"]
[EventRounds "9"]
[EventCountry "UKR"]
[EventCategory "4"]
[SourceTitle "CBM 176 Extra"]
[Source "ChessBase"]
[SourceDate "2017.03.02"]
[SourceVersion "1"]
[SourceVersionDate "2017.03.02"]
[SourceQuality "1"]

1. c4 Nf6 2. Nc3 c5 3. g3 d5 4. cxd5 Nxd5 5. Bg2 Nc7 6. Nf3 Nc6 7. 0-0 e5 8. a3 f6 9. e3 c4 10. b3 Be6 11. bxc4 Bxc4 12. Re1 Bd3 13. Na4 Na6 14. Nb2 Nc5 15. Nxd3 Nxd3 16. Rf1 Qd7 17. Rb1 Bc5 18. Qb3 Bb6 19. Rd1 0-0-0 20. Ne1 Nc5 21. Qc4 Rhe8 22. Bb2 e4 23. Bc3 Kb8 24. a4 Ne5 25. Bxe5+ Rxe5 26. d4 exd3 27. a5 Bxa5 28. Nxd3 1-0

[Event "Krakow op-A 25th"]
[Site "Krakow"]
[Date "2014.12.30"]
[Round "5"]
[White "Sychevskyy, Andriy"]
[Black "Borsos, Bogdan"]
[Result "1/2-1/2"]
[WhiteElo "2193"]
[BlackElo "2230"]
[PlyCount "36"]
[EventDate "2014.12.27"]
[EventType "swiss"]
[EventRounds "9"]
[EventCountry "POL"]
[SourceTitle "CBM 164 Extra"]
[Source "ChessBase"]
[SourceDate "2015.03.02"]
[SourceVersion "1"]
[SourceVersionDate "2015.03.02"]
[SourceQuality "1"]

1. d4 d5 2. c4 dxc4 3. e3 Nf6 4. Bxc4 e6 5. Nf3 c5 6. 0-0 a6 7. Bb3 Nbd7 8. Qe2 cxd4 9. exd4 Be7 10. Nc3 0-0 11. Bg5 Nd5 12. Bxe7 Nxe7 13. d5 Nxd5 14. Bxd5 exd5 15. Nxd5 Nf6 16. Ne7+ Kh8 17. Nxc8 Rxc8 18. Rac1 Re8 1/2-1/2

[Event "Krakow op-A 25th"]
[Site "Krakow"]
[Date "2014.12.29"]
[Round "4"]
[White "Kyc, Jerzy"]
[Black "Sychevskyy, Andriy"]
[Result "1/2-1/2"]
[WhiteElo "2021"]
[BlackElo "2193"]
[PlyCount "33"]
[EventDate "2014.12.27"]
[EventType "swiss"]
[EventRounds "9"]
[EventCountry "POL"]
[SourceTitle "CBM 164 Extra"]
[Source "ChessBase"]
[SourceDate "2015.03.02"]
[SourceVersion "1"]
[SourceVersionDate "2015.03.02"]
[SourceQuality "1"]

1. e4 e6 2. d4 d5 3. Nd2 c5 4. dxc5 Nf6 5. Bd3 Nc6 6. Ngf3 Bxc5 7. 0-0 0-0 8. c3 Bb6 9. Qc2 h6 10. exd5 exd5 11. Nb3 Re8 12. Nfd4 Ne4 13. Be3 Bc7 14. Nxc6 bxc6 15. Rae1 Qd6 16. f4 Nf6 17. Rf3 1/2-1/2

[Event "Chervonograd 10th"]
[Site "Chervonograd"]
[Date "2014.12.01"]
[Round "7"]
[White "Sychevskyy, Andriy"]
[Black "Sevostianov, Pavel"]
[Result "1/2-1/2"]
[WhiteElo "2137"]
[BlackElo "2302"]
[PlyCount "22"]
[EventDate "2014.11.27"]
[EventType "tourn"]
[EventRounds "11"]
[EventCountry "UKR"]
[EventCategory "1"]
[SourceTitle "CBM 163 Extra"]
[Source "ChessBase"]
[SourceDate "2014.12.23"]
[SourceVersion "1"]
[SourceVersionDate "2014.12.23"]
[SourceQuality "1"]

1. d4 Nf6 2. c4 b6 3. Nc3 Bb7 4. Qc2 d5 5. cxd5 Nxd5 6. e4 Nxc3 7. bxc3 e6 8. Nf3 Nd7 9. Bd3 Be7 10. 0-0 c5 11. Bf4 0-0 1/2-1/2

[Event "Lvov Vasylyshyn Memorial-B 11th"]
[Site "Lvov"]
[Date "2014.11.22"]
[Round "5"]
[White "Sychevskyy, Andriy"]
[Black "Paszewski, Mateusz"]
[Result "0-1"]
[WhiteElo "2137"]
[BlackElo "2157"]
[PlyCount "88"]
[EventDate "2014.11.18"]
[EventType "tourn"]
[EventRounds "9"]
[EventCountry "UKR"]
[SourceTitle "CBM 163 Extra"]
[Source "ChessBase"]
[SourceDate "2014.12.23"]
[SourceVersion "1"]
[SourceVersionDate "2014.12.23"]
[SourceQuality "1"]

1. d4 d5 2. c4 c6 3. Nc3 Nf6 4. e3 e6 5. Nf3 Nbd7 6. Bd3 dxc4 7. Bxc4 b5 8. Bd3 a6 9. a4 b4 10. Ne4 Bb7 11. 0-0 c5 12. Nxf6+ Qxf6 13. Re1 h6 14. b3 Bd6 15. Bb2 cxd4 16. exd4 0-0 17. Nd2 Qe7 18. Ne4 Bc7 19. Rc1 Bb6 20. Nc5 Bxc5 21. dxc5 Rac8 22. c6 Rxc6 23. Rxc6 Bxc6 24. Bxa6 Qg5 25. f3 Nc5 26. Re5 Qe7 27. Bc4 Rd8 28. Qc2 Bd5 29. Bxd5 Rxd5 30. h3 Qd6 31. f4 Nd3 32. Rxd5 Qxd5 33. a5 Nxb2 34. Qc8+ Kh7 35. a6 Qd4+ 36. Kh1 Nd3 37. Qa8 Nf2+ 38. Kh2 Qxf4+ 39. Kg1 Qd4 40. Kh2 Qe5+ 41. Kg1 Qe1+ 42. Kh2 f5 43. a7 f4 44. g3 Ne4 0-1

[Event "Lvov Vasylyshyn Memorial-B 11th"]
[Site "Lvov"]
[Date "2014.11.21"]
[Round "4"]
[White "Anwesh, Upadhyaya"]
[Black "Sychevskyy, Andriy"]
[Result "1/2-1/2"]
[WhiteElo "2366"]
[BlackElo "2137"]
[PlyCount "116"]
[EventDate "2014.11.18"]
[EventType "tourn"]
[EventRounds "9"]
[EventCountry "UKR"]
[SourceTitle "CBM 163 Extra"]
[Source "ChessBase"]
[SourceDate "2014.12.23"]
[SourceVersion "1"]
[SourceVersionDate "2014.12.23"]
[SourceQuality "1"]

1. g3 d5 2. Nf3 c6 3. c4 Nf6 4. Bg2 g6 5. b3 Bg7 6. Bb2 0-0 7. 0-0 Nbd7 8. d3 Re8 9. Nbd2 e5 10. e4 dxe4 11. dxe4 Qc7 12. Qc2 b6 13. Rad1 Nf8 14. h3 N6d7 15. Rfe1 Ne6 16. Nf1 Bb7 17. Ne3 Rad8 18. Rd2 Ndf8 19. Red1 Rxd2 20. Rxd2 Rd8 21. Rxd8 Nxd8 22. Bc3 Nd7 23. Qd2 Ne6 24. b4 Bh6 25. Qd3 Bxe3 26. fxe3 f6 27. h4 Ndf8 28. g4 Qd7 29. Qxd7 Nxd7 30. g5 Kf7 31. Kf2 c5 32. gxf6 Kxf6 33. b5 Nd8 34. Ke2 Nf7 35. Kd3 Nd6 36. Ng5 h6 37. Nh3 Ke6 38. Nf2 Nf6 39. Bh3+ Ke7 40. Bxe5 Nfxe4 41. Nxe4 Bxe4+ 42. Kc3 Nf5 43. Bf4 h5 44. a4 Nd6 45. Bg5+ Ke8 46. Bf4 Ke7 47. Bf1 Kd7 48. Be2 Bf5 49. Kb3 Ne4 50. Kb2 Kc8 51. Bd3 Kb7 52. Bxe4+ Bxe4 53. Kc3 a5 54. Kb3 Kc8 55. Bg5 Kd7 56. Bf4 Kc8 57. Bg5 Kd7 58. Bf4 Kc8 1/2-1/2

[Event "Lvov Maksym Yusupov Memorial 2nd"]
[Site "Lvov"]
[Date "2014.03.17"]
[Round "8"]
[White "Sychevskyy, Andriy"]
[Black "Matviishen, Viktor"]
[Result "0-1"]
[WhiteElo "2151"]
[BlackElo "2124"]
[PlyCount "92"]
[EventDate "2014.03.14"]
[EventType "tourn"]
[EventRounds "9"]
[EventCountry "UKR"]
[EventCategory "1"]
[SourceTitle "CBM 159 Extra"]
[Source "ChessBase"]
[SourceDate "2014.04.24"]
[SourceVersion "1"]
[SourceVersionDate "2014.04.24"]
[SourceQuality "1"]

1. d4 d5 2. c4 c6 3. Nc3 Nf6 4. e3 a6 5. Qc2 g6 6. Bd3 Bg7 7. Nf3 0-0 8. b3 b5 9. 0-0 Re8 10. Bb2 Nbd7 11. Rad1 Nb6 12. Ne5 Bb7 13. c5 Nbd7 14. f4 Nxe5 15. fxe5 Nd7 16. Qf2 f6 17. e6 Nf8 18. h4 Nxe6 19. h5 Nf8 20. hxg6 hxg6 21. Qg3 f5 22. Ne2 e6 23. Nf4 Qf6 24. Bb1 Bh6 25. Nh3 Qg7 26. Nf4 Nd7 27. Nd3 Qf6 28. Rde1 Qg7 29. Kf2 Nf6 30. Ne5 g5 31. Ke2 g4 32. Rh1 Qg5 33. Bc1 Re7 34. Ref1 Ne4 35. Bxe4 dxe4 36. Rh4 Bg7 37. Rfh1 a5 38. Qh2 Qf6 39. Rh7 b4 40. Qh5 a4 41. Rd1 Ba6+ 42. Nc4 axb3 43. axb3 Bxc4+ 44. bxc4 b3 45. Bb2 Ra2 46. Rb1 f4 0-1

[Event "Lvov Vasylyshyn Memorial IM 10th"]
[Site "Lvov"]
[Date "2013.11.27"]
[Round "9"]
[White "Grekh, Andrey"]
[Black "Sychevskyy, Andriy"]
[Result "1-0"]
[WhiteElo "2375"]
[BlackElo "2159"]
[PlyCount "57"]
[EventDate "2013.11.19"]
[EventType "tourn"]
[EventRounds "9"]
[EventCountry "UKR"]
[EventCategory "1"]
[SourceTitle "CBM 157 Extra"]
[Source "ChessBase"]
[SourceDate "2013.12.19"]
[SourceVersion "1"]
[SourceVersionDate "2013.12.19"]
[SourceQuality "1"]

1. e4 c5 2. Nf3 d6 3. d4 cxd4 4. Nxd4 Nf6 5. Nc3 a6 6. Be3 e5 7. Nf3 Qc7 8. h3 b5 9. a4 b4 10. Nd5 Nxd5 11. Qxd5 Bb7 12. Qc4 Qxc4 13. Bxc4 h6 14. Nd2 Nd7 15. 0-0-0 Nf6 16. f3 Rc8 17. Rhe1 Be7 18. Bb3 d5 19. exd5 Bxd5 20. Bf2 Bxb3 21. Nxb3 0-0 22. Rxe5 Rc7 23. Bb6 Rc6 24. Ba5 Re6 25. Rxe6 fxe6 26. Nd4 Kf7 27. Nc6 Nd5 28. Nxe7 Kxe7 29. Rxd5 1-0

[Event "Lvov Vasylyshyn Memorial IM 10th"]
[Site "Lvov"]
[Date "2013.11.22"]
[Round "4"]
[White "Sychevskyy, Andriy"]
[Black "Terletsky, Oleg"]
[Result "1/2-1/2"]
[WhiteElo "2159"]
[BlackElo "2276"]
[PlyCount "34"]
[EventDate "2013.11.19"]
[EventType "tourn"]
[EventRounds "9"]
[EventCountry "UKR"]
[EventCategory "1"]
[SourceTitle "CBM 157 Extra"]
[Source "ChessBase"]
[SourceDate "2013.12.19"]
[SourceVersion "1"]
[SourceVersionDate "2013.12.19"]
[SourceQuality "1"]

1. d4 Nf6 2. c4 g6 3. g3 Bg7 4. Bg2 0-0 5. Nc3 d6 6. Nf3 Nbd7 7. 0-0 e5 8. e4 Re8 9. h3 exd4 10. Nxd4 Nc5 11. Re1 a5 12. Ndb5 Bd7 13. Qc2 Bc6 14. Bf4 Nh5 15. Be3 Nf6 16. Bf4 Nh5 17. Be3 Nf6 1/2-1/2

[Event "Mukachevo Rating 20th"]
[Site "Mukachevo"]
[Date "2013.11.09"]
[Round "8"]
[White "Sychevskyy, Andriy"]
[Black "Bortnyk, Mykola"]
[Result "1/2-1/2"]
[WhiteElo "2159"]
[BlackElo "2423"]
[PlyCount "81"]
[EventDate "2013.11.05"]
[EventType "tourn"]
[EventRounds "9"]
[EventCountry "UKR"]
[EventCategory "2"]
[SourceTitle "CBM 157 Extra"]
[Source "ChessBase"]
[SourceDate "2013.12.19"]
[SourceVersion "1"]
[SourceVersionDate "2013.12.19"]
[SourceQuality "1"]

1. d4 Nf6 2. c4 e6 3. g3 Bb4+ 4. Bd2 Be7 5. Bg2 d5 6. Nf3 0-0 7. 0-0 c6 8. Qc2 b6 9. Bf4 Ba6 10. cxd5 cxd5 11. Nc3 b5 12. a4 b4 13. Nb5 Nbd7 14. Rfc1 Qb6 15. Qc6 Rac8 16. Bc7 Qxc6 17. Rxc6 Bb7 18. Rcc1 Ra8 19. Bd6 Bxd6 20. Nxd6 Ba6 21. e3 Bd3 22. a5 a6 23. Rc7 Bg6 24. Rac1 Rfd8 25. Bf1 Kf8 26. Nb7 Re8 27. Nc5 Red8 28. Nxa6 b3 29. Nb4 Ne8 30. R7c3 Nd6 31. Nd2 Bc2 32. Nxc2 bxc2 33. R3xc2 Rxa5 34. Nb3 Ra2 35. Nc5 Nb6 36. b3 Ra3 37. Kg2 Ke7 38. Rb2 Rda8 39. Nd3 Nd7 40. Nb4 Ke8 41. Be2 1/2-1/2

[Event "Mukachevo Rating 20th"]
[Site "Mukachevo"]
[Date "2013.11.06"]
[Round "3"]
[White "Sychevskyy, Andriy"]
[Black "Malyi, Viacheslav"]
[Result "0-1"]
[WhiteElo "2159"]
[BlackElo "2250"]
[PlyCount "88"]
[EventDate "2013.11.05"]
[EventType "tourn"]
[EventRounds "9"]
[EventCountry "UKR"]
[EventCategory "2"]
[SourceTitle "CBM 157 Extra"]
[Source "ChessBase"]
[SourceDate "2013.12.19"]
[SourceVersion "1"]
[SourceVersionDate "2013.12.19"]
[SourceQuality "1"]

1. d4 Nf6 2. c4 g6 3. g3 Bg7 4. Bg2 0-0 5. Nc3 d6 6. Nf3 Nc6 7. 0-0 e5 8. d5 Ne7 9. e4 Nd7 10. Ne1 f5 11. Nd3 a5 12. Bd2 Nf6 13. Bg5 Nxe4 14. Nxe4 fxe4 15. Bxe4 b6 16. Qe2 Qe8 17. g4 Kh8 18. h3 Ng8 19. Kg2 Bd7 20. Rae1 Bh6 21. Bxh6 Nxh6 22. f4 exf4 23. Nxf4 Qe5 24. Qd2 Qg7 25. Bf3 Rae8 26. Ne6 Bxe6 27. dxe6 Ng8 28. Qc3 Qxc3 29. bxc3 Ne7 30. Bd1 Kg7 31. Ba4 Rxf1 32. Rxf1 Rf8 33. Rd1 g5 34. c5 bxc5 35. Rb1 Rf4 36. Bd7 Kf6 37. Rb8 Ng6 38. Rc8 Rc4 39. Rxc7 Rxc3 40. Bc8 Nf4+ 41. Kf1 Nxe6 42. Rxh7 Nf4 43. Ra7 Ra3 44. Rd7 d5 0-1

[Event "Zhovkva Royal Residence Cup 4th"]
[Site "Zhovkva"]
[Date "2013.08.21"]
[Round "9"]
[White "Gavrish, Leonid"]
[Black "Sychevskyy, Andriy"]
[Result "1/2-1/2"]
[WhiteElo "2127"]
[BlackElo "2150"]
[PlyCount "84"]
[EventDate "2013.08.16"]
[EventType "tourn"]
[EventRounds "9"]
[EventCountry "UKR"]
[EventCategory "1"]
[SourceTitle "CBM 156 Extra"]
[Source "ChessBase"]
[SourceDate "2013.10.22"]
[SourceVersion "1"]
[SourceVersionDate "2013.10.22"]
[SourceQuality "1"]

1. d4 Nf6 2. c4 c5 3. d5 b5 4. a4 b4 5. b3 g6 6. g3 Bg7 7. Bb2 0-0 8. Bg2 d6 9. Nd2 Bb7 10. Qc2 e6 11. e4 exd5 12. cxd5 Re8 13. 0-0-0 Nbd7 14. Ngf3 Rc8 15. Rhe1 c4 16. Nxc4 Nb6 17. Nd4 Nfd7 18. Nc6 Bxb2+ 19. Kxb2 Nxc4+ 20. Qxc4 Bxc6 21. dxc6 Ne5 22. Qd4 Nxc6 23. Qxd6 Qb6 24. Rd2 Red8 25. Qf4 Rxd2+ 26. Qxd2 Nd4 27. Rc1 Rxc1 28. Qxc1 Qf6 29. Qf4 Qd8 30. Bf1 Nc6 31. Bc4 Qd4+ 32. Kc2 Ne5 33. Bd5 Qd3+ 34. Kc1 Qc3+ 35. Kd1 Kg7 36. Qd2 Qa1+ 37. Ke2 a5 38. f4 Ng4 39. h3 Nh2 40. Qd1 Qb2+ 41. Qd2 Qa1 42. Qd1 Qb2+ 1/2-1/2

[Event "Zhovkva Royal Residence Cup 4th"]
[Site "Zhovkva"]
[Date "2013.08.19"]
[Round "6"]
[White "Sychevskyy, Andriy"]
[Black "Rakhmangulov, Andrei"]
[Result "0-1"]
[WhiteElo "2150"]
[BlackElo "2400"]
[PlyCount "100"]
[EventDate "2013.08.16"]
[EventType "tourn"]
[EventRounds "9"]
[EventCountry "UKR"]
[EventCategory "1"]
[SourceTitle "CBM 156 Extra"]
[Source "ChessBase"]
[SourceDate "2013.10.22"]
[SourceVersion "1"]
[SourceVersionDate "2013.10.22"]
[SourceQuality "1"]

1. d4 b5 2. e4 Bb7 3. Bd3 Nf6 4. Qe2 e6 5. Nf3 c5 6. c3 a6 7. 0-0 cxd4 8. cxd4 d6 9. Re1 Be7 10. Nbd2 Nbd7 11. Nf1 0-0 12. Ng3 g6 13. b3 e5 14. Bb2 Qb8 15. Rad1 Re8 16. Qd2 Bf8 17. Bb1 Bg7 18. d5 a5 19. h4 h5 20. Ng5 Qa7 21. Bd3 Qb6 22. Qe2 b4 23. Nf1 Nc5 24. Bc4 a4 25. Bc1 Qa5 26. Bd2 Ba6 27. Rb1 axb3 28. axb3 Bxc4 29. Qxc4 Reb8 30. Ra1 Qxa1 31. Rxa1 Rxa1 32. f3 Rb1 33. Bxb4 Nfd7 34. Ne6 Bh6 35. f4 Bxf4 36. Nxf4 exf4 37. Bxc5 dxc5 38. e5 Nxe5 39. Qe4 R8xb3 40. Qxe5 Re3 41. Qxf4 Ree1 42. Kh2 Rxf1 43. Qc7 Rb4 44. Qc8+ Kg7 45. Qxc5 Rxh4+ 46. Kg3 Rg4+ 47. Kh2 Rd1 48. d6 Rf4 49. Qc7 Rh4+ 50. Kg3 Rhd4 0-1

[Event "Mukachevo Summer op"]
[Site "Mukachevo"]
[Date "2013.06.25"]
[Round "1"]
[White "Sychevskyy, Andriy"]
[Black "Kislinsky, Alexey"]
[Result "1-0"]
[WhiteElo "2125"]
[BlackElo "2565"]
[PlyCount "123"]
[EventDate "2013.06.25"]
[EventType "swiss"]
[EventRounds "9"]
[EventCountry "UKR"]
[SourceTitle "CBM 155 Extra"]
[Source "ChessBase"]
[SourceDate "2013.08.26"]
[SourceVersion "1"]
[SourceVersionDate "2013.08.26"]
[SourceQuality "1"]

1. d4 g6 2. c4 Bg7 3. Nf3 c5 4. d5 d6 5. g3 b5 6. cxb5 a6 7. bxa6 Nf6 8. Nc3 0-0 9. Bg2 Nxa6 10. 0-0 Qb6 11. Re1 Rb8 12. Rb1 Ng4 13. Bd2 c4 14. Rf1 Nc5 15. h3 Nf6 16. Nd4 Bd7 17. b4 cxb3 18. axb3 Nce4 19. Nxe4 Nxe4 20. Nc6 Bxc6 21. Bxe4 Bb5 22. Bf3 Bd4 23. Kg2 Ra8 24. Qc2 Bd7 25. Qc4 Rfc8 26. Qb4 Qa7 27. Rbc1 Rxc1 28. Bxc1 Rb8 29. Qc4 Rc8 30. Qb4 h5 31. Bg5 f6 32. Bd2 Rb8 33. Qc4 Bb5 34. Qc2 Kg7 35. Qe4 Be8 36. h4 Bf7 37. b4 Be5 38. Rc1 Rb7 39. Qc4 Bd4 40. Qc8 Rb8 41. Qc7 Qb7 42. Qc6 Be8 43. Qc7 Bb5 44. Bf4 Bd7 45. Bxd6 exd6 46. Qxd6 Rc8 47. Qe7+ Kh6 48. d6 Qb8 49. Rd1 Qa7 50. Rxd4 Qxd4 51. Qxd7 Rg8 52. b5 Rg7 53. Qd8 Kh7 54. b6 Rg8 55. Qc7+ Kh8 56. b7 Qa7 57. Qe7 Qd4 58. d7 Qb6 59. Bd5 Rd8 60. e4 Qc7 61. Qxf6+ Kh7 62. Bf7 1-0